Ako prežiť umenie : Príkoria (a slasti) vlastnej tvorby

Uložené v:
Podrobná bibliografia
Hlavní autori: Bayles David (Autor), Orland, Ted (Autor)
Ďalší autori: Krnáčová, Daniela (Prekladateľ), Zvada, Milan (Prekladateľ)
Médium: Kniha
Jazyk:Slovak
Vydavateľské údaje: Banská Bystrica : OZ Laputa, 2021
Vydanie:1. vydanie
Edícia:Literárna bašta, 30.
Predmet:
Tagy: Pridať tag
Žiadne tagy, Buďte prvý, kto otaguje tento záznam!

MARC

LEADER 00000nam a22000003a 4500
001 0101748
003 SK-STU
005 20230509120619.4
007 ta
008 230509s ----xo-----e------000-0-----d
020 |a 978-80-99944-48-1 
040 |a STU  |b slo 
041 0 |a slo 
044 |a xo 
100 1 |a Bayles David  |4 aut 
245 1 0 |a Ako prežiť umenie :  |b Príkoria (a slasti) vlastnej tvorby  |c / aut. Bayles David, Ted Orland; prel. Daniela Krnáčová, Milan Zvada 
250 |a 1. vydanie 
260 |a Banská Bystrica :  |b OZ Laputa,  |c 2021 
300 |a 175 s. 
490 0 |a Literárna bašta,  |v 30. 
650 0 7 |a umenie 
650 0 7 |a kreativita 
650 0 7 |a umelecké dielo 
650 0 7 |a tvorba 
650 0 7 |a súťaže 
650 0 7 |a vysokoškolská pedagogika 
650 0 7 |a veda 
650 0 7 |a zručnosti zamerané na výkon povolania 
700 1 |a Orland, Ted  |4 aut 
700 1 |a Krnáčová, Daniela  |4 trl 
700 1 |a Zvada, Milan  |4 trl 
996 |b 284AU09643  |c A* 13005/U  |l AAKNST  |s P  |a 0  |w 0101748_0001 
996 |b 284AU09644  |c A* 13006/U  |l AAKNAR  |s A  |a 24  |w 0101748_0002